American and Mexican States on the U.S./Mexico border With an Empty Map - Statistics

General Stats
  • This quiz has been taken 2,160 times
  • The average score is 7 of 10
Answers on the Map
Answers color-coded by a green-red scale on the quiz's map according to % correct below.
 
Answer Stats
States % Correct
Texas
98%
California
96%
New Mexico
96%
Arizona
94%
Baja California
75%
Chihuahua
68%
Sonora
54%
Nuevo León
42%
Coahuila
39%
Tamaulipas
37%
No matching quizzes found
Score Distribution
Percent of People with Each Score
Percentile by Number Answered
Your Score History
You have not taken this quiz